000 00785nam a2200217 a 4500
001 0442
005 20140414132031.0
008 040116s19uu xx 00 eng d
020 _a0-02-043620-3
050 _aTR
_bON2
100 _aHogrorian, Nonny
245 _aOne fine day /
_cNonny, Hogrorian.
260 _aNew York :
_bAladdin Paperbacks,
_c1971.
300 _ap. ; cm.
500 _aTR/PS
520 _a"One fine day a fox travelled through the great forest. When he reached the other side he was very thirsty. The jaunty red fox stole milk from an old farm woman, lost his tail under the annoyed woman's knife and spent the day bargaining to get it back.
650 _aFoxes
_xFiction.
650 _aChildren stories.
650 _aHumor
_xFiction.
999 _c113625
_d113625